000 00537ntaaa2200205 4500
003 01
005 20251027202318.0
008 0714s1973 ag 01
020 _a2825408824
040 _aAR-BaBN
_bspa
_cAR-BaBN
_eaacr
_dRIC
082 _a280.1000 T36r
100 _aThomas, M.M.
_921416
245 _aRisking Christ for Christ's sake
250 _a1 ed.
260 _aGeneva :
_bWorld Council of Churches,
_c1987
300 _a122 p ;
_c21 cm
500 _aContiene referencias bibliograficas
650 _aecumenismo
942 _cBK
999 _c17938
_d17938